Haute-Saône - mort subite - Statistiques

Statistiques générales
  • Ce quiz a été pris 13 fois
  • Le résultat moyen est 8 sur 18
Answers on the Grid
Answers color-coded by a green-red scale on the quiz's grid according to % correct below.
L'ancien territoire du Saint-Empire
Maisons-Alfort
Noisy-le-Grand
Étuz
Västerås
Le site de la bataille d'Héricourt
Le lieu de naissance de Richard II d'Angleterre
Lunéville
Saint-Georges-sur-l'Aa
Novare
Le Creusot
Le lac des Songes
Des anciennes mines d'argent
Les Abymes
Bondy
Saint-Loup-sur-Semouse
Les Quennevais
Des sangliers
CaMéX-IA
Gy
Du territoire sous contrôle espagnol en 1670
Des parleurs du frainc-comtou
Le site de la bataille de Villersexel
La Colle-sur-Loup
Vesoul
Arcizac-Adour
Janvry
Espira-de-l'Agly
Une ancienne mine de molybdène
Les Lurons
Des chevreuils
Gray
Luxeuil-les-Bains
Conflans-sur-Lanterne
Du territoire envahi par la France en 1674
Sixt-sur-Aff
 
Statistiques - réponses
Réponse % Correct
Vesoul
73%
Des sangliers
64%
Gray
64%
Luxeuil-les-Bains
64%
La France a pris la Franche-Comté pendant ce siècle-là Du territoire envahi par la France en 1674
55%
L'ancien territoire du Saint-Empire
55%
Une en 1474, et une en 1871 (la bataille de la Lizaine, victoire allemande, un épisode de la guerre franco-prussienne) Le site de la bataille d'Héricourt
55%
(Roe deer) Des chevreuils
45%
Du territoire sous contrôle espagnol en 1670
45%
Saint-Loup-sur-Semouse
45%
Des anciennes mines d'argent
36%
Des parleurs du frainc-comtou
36%
Gy
36%
Victoire française Le site de la bataille de Villersexel
36%
Habitants de Lure Les Lurons
27%
Conflans-sur-Lanterne
18%
Étuz
18%
Plancher-les-Mines Une ancienne mine de molybdène
18%
Aucun quiz correspondant
Distribution des résultats
% des personnes avec chaque résultat
Percentile par nombre de réponses
Votre historique - résultats
Vous n’avez pas pris ce quiz